000 00370 a2200145 4500
999 _c3761
_d3761
020 _a9788176485586
050 _aLB1705SIN2004
100 _aSingh,Y.K
_eauthor
245 _aMicro-Teaching /
_cY.K.Singh
264 _aNew Delhi:
_bAPH Publishing corporation,
_c2004
300 _a253p.
500 _aIncludes index
650 _aTeaching
942 _2lcc
_cBK
_h1705
_iSIN
_kLB